000 00593nam a2200253Ia 4500
003 OSt
005 20220912152422.0
006 a|||||r|||| 00| 0
007 ta
008 220909b |||||||| |||| 00| 0 eng d
024 _a48423
037 _cTextual
040 _aCSL
_beng
_cCSL
041 _aeng
082 _aE22, H8
100 _aAlfrey Turner
245 0 _aMechanical behavior of high polymers
260 _c1948
300 _ap.
_ccm.
490 _aHigh polymers
650 _aPolymer
942 _hE22, H8
_cTEXL
_2CC
999 _c85602
_d85602